000 00440nam a2200157 i 4500
001 83253
003 ES-MaACL
005 20230906174810.0
007 t|
008 041116s1979 sp ||||1| spa d
100 1 _aInsĂșa de Palacios, Sara.
_965349
245 1 0 _aPalabras
_b: (ideas y conceptos) /
_cSara InsĂșa de Palacios.
260 _aMadrid :
_b[s.n.,
_c1979]
300 _a47 p. ;
_c17 cm.
852 _aES-MaACL
_j2128-F-29
_bR.106722
999 _c83253
_d83253